000 00433nam a2200133Ia 4500
003 GCL
008 140319s9999 xx 000 0 ara d
040 _aGCL /
_cGCL
082 0 4 _a345.03
_bم ج
245 1 0 _aالجريمة والمجتمع محاضرات فى الاجتماع الجنائى والدفاع الاجتماعى
260 _a[S.N] :
_bالمكتب الجامعى الحديث ،
_c1987
300 _a282 ص
490 _a
999 _c31777
_d31777